লোডিং...

Outmigration from Kerala

গ্রন্থ-পঞ্জীর বিবরন
প্রধান লেখক: Saly, M S
বিন্যাস: Ph.D Thesis
প্রকাশিত: University of Kerala 1999
LEADER 00434nam a2200193 4500
020
082 |a M 110 
100 |a Saly, M S 
245 |a Outmigration from Kerala 
250
260 |a University of Kerala  |c 1999 
300
490
500
590
650
942 |c THES 
999 |c 118359  |d 118359 
952 |0 0  |1 0  |4 0  |6 M_110_000000000000000  |7 0  |9 131826  |a ECN  |b ECN  |l 0  |o M 110  |p ECNM110  |r 2019-09-25  |w 2019-09-25  |y THES